000 00298nam a22001217a 4500
082 _a920
_bFRA/B
100 _aFRANKLIN,BENJAMIN
245 _aAUTOBIIOGRAPHY OF BENJAMIN FRANKLIN
260 _aNEW DELHI
_bLITTLE SCHOLARZ PVT.LTD
300 _a200
650 _aAUTOBIOGRAPHY
_zNEW DELHI
942 _cBK
999 _c5564
_d5564